WWE Royal Rumble Winners - Statistics

General Stats
  • This quiz has been taken 3,919 times
    52 since last reset
  • The average score is 42 of 50
Answer Stats
Year Winner % Correct
2015 Roman Reigns
100%
2026 Roman Reigns
100%
2002 Triple H
100%
1995 Shawn Michaels
98%
1996 Shawn Michaels
98%
2023 Cody Rhodes
95%
2024 Cody Rhodes
95%
2019 Seth Rollins
95%
2007 The Undertaker
95%
1990 Hulk Hogan
93%
1991 Hulk Hogan
93%
2008 John Cena
93%
2013 John Cena
93%
1997 Stone Cold Steve Austin
93%
1998 Stone Cold Steve Austin
93%
2001 Stone Cold Steve Austin
93%
2009 Randy Orton
90%
2017 Randy Orton
90%
2003 Brock Lesnar
88%
2022 Brock Lesnar
88%
1992 Ric Flair
88%
2020 Charlotte Flair
86%
Charlotte Flair
86%
2006 Rey Mysterio
86%
2000 The Rock
86%
2005 Batista
83%
2014 Batista
83%
2010 Edge
83%
2021 Edge
83%
2011 Alberto Del Rio
81%
2019 Becky Lynch
81%
2020 Drew McIntyre
79%
1988 'Hacksaw' Jim Duggan
79%
Liv Morgan
79%
1993 Yokozuna
79%
2004 Chris Benoit
76%
2012 Sheamus
76%
Rhea Ripley
74%
2018 Shinsuke Nakamura
74%
2016 Triple H
74%
2018 Asuka
71%
1994 Bret Hart
71%
2025 Jey Uso
71%
1999 Vince McMahon
71%
Bayley
69%
Greatest Royal Rumble Braun Strowman
67%
Bianca Belair
64%
Ronda Rousey
64%
1989 Big John Studd
52%
1994 Lex Luger
50%
No matching quizzes found
Score Distribution
Percent of People with Each Score
Percentile by Number Answered
Your Score History
You have not taken this quiz since the last reset